Biblioteca

El declive del hombre público (Registro nro. 64935)

Detalles MARC
000 -LÍDER
Campo fijo de descripción fija 01332nam a2200373 i 4500
001 - NÚMERO DE CONTROL
Campo de control 768714001
003 - IDENTIFICADOR DEL NÚMERO DE CONTROL
Campo de control CO-MdFUSB
005 - FECHA Y HORA DE LA ULTIMA TRANSACCIÓN
control field 20190415121750.0
008 - ELEMENTOS DE LONGITUD FIJA -- INFORMACIÓN GENERAL
Campo fijo de descripción fija -- Información general 190408t2011 sp |||| |||| 00| 0 spa d
020 ## - NÚMERO INTERNACIONAL NORMALIZADO PARA LIBROS
Número Internacional Normalizado del libro 9788433963222
040 ## - FUENTE DE CATALOGACIÓN
Agencia de catalogación original CO-MdFUSB
Idioma de catalogación spa
Agencia que realiza la transcripción CO-MdFUSB
Agencia que realiza la modificación CO-MdFUSBC
Convenciones de la descripción rda
041 ## - CÓDIGO DE IDIOMA
Código de idioma para texto/pista de sonido o título separado spa
082 ## - NÚMERO DE CLASIFICACIÓN DECIMAL DEWEY
Número de la edición del Dewey 30
Número de clasificación 306.09
Clave de autor-Numero de item SE478
100 ## - ASIENTO PRINCIPAL--NOMBRE PERSONAL
Nombre personal Sennett, Richard.
Término relacionador autor
245 ## - TÍTULO
Título del Material El declive del hombre público
Mención de responsabilidad, etc. / Sennett Richard ; traducido por Gerardo Di Masso.
264 #1 - PRODUCCIÓN, PUBLICACIÓN, DISTRIBUCIÓN, MANUFACTURA, Y COPYRIGHT
Lugar de producción, publicación, distribución, manufactura Barcelona :
Nombre del productor, publicador, distribuidor Anagrama,
Fecha de producción, publicación, distribución, manufactura, o copyright [2011]
264 #4 - PRODUCCIÓN, PUBLICACIÓN, DISTRIBUCIÓN, MANUFACTURA, Y COPYRIGHT
Fecha de producción, publicación, distribución, manufactura, o copyright ©2011
300 ## - DESCRIPCIÓN FÍSICA
Extensión 463 páginas
Dimensiones ; 24 cm
336 ## - TIPO DE CONTENIDO
Fuente rdacontent
Término de tipo de contenido texto
Código de tipo de contenido txt
337 ## - TIPO DE MEDIO
Fuente rdamedia
Nombre del tipo de medio sin mediación
Código del tipo de medio n
338 ## - TIPO DE SOPORTE
Fuente rdacarrier
Nombre del tipo de soporte volumen
Código Tipo de soporte nc
490 ## - MENCIÓN DE SERIE
Mención de serie Argumentos
505 ## - NOTA DE CONTENIDO
Información miscelánea PRIMERA PARTE:
Título El problema público.
Información miscelánea SEGUNDA PARTE:
Título El mundo público del "Ancien Régime"
Información miscelánea TERCERA PARTE:
Título El desorden de la vida pública en el siglo XIX.
Información miscelánea CUARTA PARTE:
Título La sociedad íntima.
563 ## - NOTA DE ENCUADERNACIÓN
Nota de encuadernación Rústico
650 #7 - ASIENTO SECUNDARIO DE MATERIA - TERMINO TEMÁTICO
9 (RLIN) 72
Término temático o nombre geográfico como elemento de entrada Psicología social
650 #7 - ASIENTO SECUNDARIO DE MATERIA - TERMINO TEMÁTICO
9 (RLIN) 260
Término temático o nombre geográfico como elemento de entrada Historia social
650 #0 - ASIENTO SECUNDARIO DE MATERIA - TERMINO TEMÁTICO
9 (RLIN) 1167
Término temático o nombre geográfico como elemento de entrada Usos y costumbres
650 #7 - ASIENTO SECUNDARIO DE MATERIA - TERMINO TEMÁTICO
9 (RLIN) 73
Término temático o nombre geográfico como elemento de entrada Interacción social
650 #7 - ASIENTO SECUNDARIO DE MATERIA - TERMINO TEMÁTICO
9 (RLIN) 188
Término temático o nombre geográfico como elemento de entrada Vida urbana
653 ## - TÉRMINO DE INDIZACIÓN - NO CONTROLADO
Término no controlado Alienación (psicología social).
653 ## - TÉRMINO DE INDIZACIÓN - NO CONTROLADO
Término no controlado Vida comunitaria.
-- Participación social.
-- Sociología urbana.
830 ## - PUNTO DE ACCESO ADICIONAL DE SERIE - TÍTULO UNIFORME
Título uniforme Argumentos.
Designación de volumen o secuencia 423
942 ## - TIPO DE MATERIAL (KOHA)
Tipo de Item KOHA Libros General
Existencias
Estado de Material Estado de Perdido Forma de Clasificación Estado de Dañado No para Préstamo Colección Biblioteca de Origen Biblioteca Permanente Fecha de Adquisición Forma de Adquisición Total de Préstamos Signatura Topográfica Código de Barras Última vez visto Última vez Préstado Ejemplar/Existencia Fecha de Remplazo Tipo de Material
    Dewey Decimal Classification     Colección General Biblioteca FUSBC Biblioteca FUSBC 08/04/2019 Compra 1 G 306.09 SE478d 12699 31/05/2022 31/05/2022 Ej. 1 08/04/2019 Libros General

Biblioteca FUSBC | Teléfono: (57+4) 349 88 10 Ext. 141| WhatsApp (+57) 3005338115 
E-mail: biblioteca@unisbc.edu.co | Calle 76 87-14 Robledo Palenque, Medellín, Colombia

Con tecnología Koha